Statistiques concernant Pays ayant le plus haut taux de natalité

Cliquez ici pour prendre le quiz!

Statistiques générales

  • Ce quiz a été pris 117 fois
  • Le résultat moyen est 8 sur 15

Statistiques - réponses

Taux de natalité (‰)Pays% Correct
49.62Niger
93%
43.00R.D.Congo
77%
41.76République du Congo
77%
49.38Mali
67%
41.61Tchad
61%
44.12Somalie
58%
44.09Angola
49%
48.15Ouganda
48%
41.79Malawi
43%
44.68Burkina Faso
42%
41.72Burundi
40%
42.92Liberia
36%
45.08Sierra Leone
32%
45.82Afghanistan
26%
42.42Yémen
14%

Distribution des résultats

Percentile par nombre de réponses

% des personnes avec chaque résultat

Votre développement - résultats

Vous n’avez pas pris ce quiz